[Event "Biel MTO op 48th"]
[Site "Biel"]
[Date "2015.07.23"]
[Round "4"]
[White "Bogner, Sebastian"]
[Black "Ostermeier, Thorsten"]
[Result "1-0"]
[WhiteElo "2544"]
[BlackElo "2009"]
[PlyCount "75"]
[EventDate "2015.07.20"]
[EventType "swiss"]
[EventRounds "11"]
[EventCountry "SUI"]
[SourceTitle "CBM 167 Extra"]
[Source "ChessBase"]
[SourceDate "2015.09.14"]
[SourceVersion "1"]
[SourceVersionDate "2015.09.14"]
[SourceQuality "1"]

1. d4 d5 2. c4 e6 3. Nc3 Nf6 4. cxd5 exd5 5. Bg5 Be7 6. e3 Nbd7 7. Bd3 h6 8. Bh4 c6 9. Qc2 Nh5 10. Bxe7 Qxe7 11. Nge2 0-0 12. 0-0-0 Nb6 13. Kb1 a5 14. h3 Nc4 15. e4 Qb4 16. Bxc4 Qxc4 17. g4 Nf6 18. e5 Nh7 19. f4 b5 20. f5 a4 21. Rc1 b4 22. Nd1 Ba6 23. Qxc4 Bxc4 24. Nf4 Ng5 25. Ne3 Bb5 26. Rhd1 Ne4 27. Nc2 a3 28. Nxb4 axb2 29. Kxb2 Ba4 30. Nxc6 Bxd1 31. Rxd1 Rxa2+ 32. Kxa2 Nc3+ 33. Kb3 Nxd1 34. Nxd5 Nf2 35. Nde7+ Kh7 36. d5 Ra8 37. d6 Nd3 38. Kc4 1-0

[Event "Frankfurt-chA"]
[Site "Frankfurt"]
[Date "2013.06.17"]
[Round "7"]
[White "Ostermeier, Thorsten"]
[Black "Jaehnert, Wolfgang"]
[Result "1/2-1/2"]
[WhiteElo "1939"]
[BlackElo "1551"]
[PlyCount "95"]
[EventDate "2013.04.29"]
[EventType "swiss"]
[EventRounds "7"]
[EventCountry "GER"]
[SourceTitle "EXT 2014"]
[Source "ChessBase"]
[SourceDate "2013.11.20"]
[SourceVersion "1"]
[SourceVersionDate "2013.11.20"]
[SourceQuality "1"]

1. d4 Nf6 2. Nf3 d5 3. e3 Bg4 4. c4 e6 5. Nc3 c6 6. Qb3 Qc7 7. Ne5 Bf5 8. Be2 Be7 9. g4 Bg6 10. h4 dxc4 11. Bxc4 Be4 12. f3 Bxf3 13. Rg1 Bd5 14. g5 Nfd7 15. Nxd7 Nxd7 16. Bd2 Bxc4 17. Qxc4 Nb6 18. Qe2 0-0-0 19. 0-0-0 Nd5 20. Kb1 Qd7 21. e4 Nxc3+ 22. Bxc3 f6 23. g6 hxg6 24. Rxg6 Bf8 25. Qf2 Kb8 26. Rd2 Qf7 27. Rg1 Qc7 28. Rg6 Ka8 29. Rc2 Qb6 30. Qe1 Qb5 31. Qg3 e5 32. Rd2 exd4 33. Rxd4 Rxd4 34. Bxd4 Qf1+ 35. Kc2 Qe2+ 36. Kc1 Qxe4 37. Rg4 Qd5 38. Qe3 Qc4+ 39. Kd2 Bb4+ 40. Kd1 Qf1+ 41. Kc2 Qc4+ 42. Kb1 Qf7 43. Re4 Qd7 44. a3 Bd6 45. Bxa7 Be5 46. Bb6 Qd1+ 47. Ka2 Qd5+ 48. Kb1 1/2-1/2

[Event "Hessen-chA"]
[Site "Korbach"]
[Date "2013.03.29"]
[Round "4"]
[White "Ostermeier, Thorsten"]
[Black "Kuhn, Gerhard"]
[Result "1/2-1/2"]
[WhiteElo "1939"]
[BlackElo "2037"]
[PlyCount "59"]
[EventDate "2013.03.27"]
[EventType "swiss"]
[EventRounds "7"]
[EventCountry "GER"]
[SourceTitle "EXT 2014"]
[Source "ChessBase"]
[SourceDate "2013.11.20"]
[SourceVersion "1"]
[SourceVersionDate "2013.11.20"]
[SourceQuality "1"]

1. d4 Nf6 2. Nf3 g6 3. c4 Bg7 4. Nc3 d5 5. e3 0-0 6. Bd2 c6 7. Be2 Nbd7 8. 0-0 dxc4 9. Bxc4 Nb6 10. Be2 a5 11. Ne5 Qd6 12. Nc4 Nxc4 13. Bxc4 Be6 14. Bxe6 Qxe6 15. Na4 Nd7 16. Qb3 Qd6 17. Rfd1 b5 18. Nc3 Nf6 19. Rac1 e6 20. Qc2 Rfc8 21. Ne4 Nxe4 22. Qxe4 Bf8 23. Be1 f5 24. Qd3 Qd5 25. a3 b4 26. a4 c5 27. dxc5 Qxd3 28. Rxd3 Rxc5 29. Rxc5 Bxc5 30. Kf1 1/2-1/2

[Event "Hessen-chA"]
[Site "Korbach"]
[Date "2013.03.28"]
[Round "2"]
[White "Helms, Sven"]
[Black "Ostermeier, Thorsten"]
[Result "0-1"]
[WhiteElo "2065"]
[BlackElo "1939"]
[PlyCount "62"]
[EventDate "2013.03.27"]
[EventType "swiss"]
[EventRounds "7"]
[EventCountry "GER"]
[SourceTitle "EXT 2014"]
[Source "ChessBase"]
[SourceDate "2013.11.20"]
[SourceVersion "1"]
[SourceVersionDate "2013.11.20"]
[SourceQuality "1"]

1. d4 d5 2. c4 c6 3. Nc3 Nf6 4. Nf3 e6 5. e3 Nbd7 6. Bd3 Bd6 7. cxd5 exd5 8. Bd2 0-0 9. Qc2 Qe7 10. 0-0 Re8 11. Ne2 Ne4 12. Bc3 h6 13. Ng3 Ndf6 14. Rae1 Nxg3 15. hxg3 Ne4 16. Bxe4 dxe4 17. Ne5 Be6 18. b3 Bd5 19. Kh2 Qg5 20. Rh1 Rac8 21. Kg1 Rc7 22. Qe2 g6 23. Qg4 Rxe5 24. dxe5 Qxg4 25. exd6 Rd7 26. Rxh6 f6 27. Bxf6 Rh7 28. Rxh7 Kxh7 29. Kh2 Kg8 30. Rh1 Kf7 31. Be7 Qe2 0-1

[Event "Frankfurt-chA"]
[Site "Frankfurt"]
[Date "2012.05.14"]
[Round "3"]
[White "Becker, Karl Heinz"]
[Black "Ostermeier, Thorsten"]
[Result "0-1"]
[WhiteElo "1652"]
[BlackElo "1849"]
[PlyCount "116"]
[EventDate "2012.04.30"]
[EventType "swiss"]
[EventRounds "7"]
[EventCountry "GER"]
[SourceTitle "EXT 2013"]
[Source "ChessBase"]
[SourceDate "2012.11.22"]
[SourceVersion "1"]
[SourceVersionDate "2012.11.22"]
[SourceQuality "1"]

1. Nf3 d5 2. g3 c5 3. Bg2 Nc6 4. d4 e6 5. 0-0 Nf6 6. c3 b6 7. Nbd2 Bd6 8. Re1 0-0 9. dxc5 Bxc5 10. Nb3 Ne4 11. Nxc5 bxc5 12. Nd2 f5 13. f3 Nxd2 14. Bxd2 Bb7 15. Be3 Qd6 16. Bf2 Rf7 17. Qc2 Raf8 18. Rf1 e5 19. Rad1 f4 20. a3 a5 21. Qd2 d4 22. Qd3 Ne7 23. b4 axb4 24. axb4 cxb4 25. cxd4 fxg3 26. Bxg3 Qxd4+ 27. Qxd4 exd4 28. Rxd4 Ba6 29. Re1 Nc6 30. Rd2 g5 31. Bd6 Re8 32. e4 Ne5 33. Bxb4 Nxf3+ 34. Bxf3 Rxf3 35. e5 Bc8 36. Rg2 g4 37. Rg3 Rf4 38. Bd6 Rd4 39. Rge3 Bb7 40. Bc5 Rc4 41. Bd6 Bf3 42. h3 h5 43. hxg4 hxg4 44. Rb1 Kf7 45. Rb8 Re6 46. Rh8 Kg7 47. Rh2 Kg6 48. Re1 Kg5 49. Kf2 Kf4 50. Kg1 Kg3 51. Ra1 Re8 52. Rb1 Rd8 53. Ra1 Rc6 54. Rb1 Rdc8 55. Rf2 Rh8 56. Rxf3+ gxf3 57. Rd1 f2+ 58. Kf1 Rh1+ 0-1

[Event "Frankfurt-ch"]
[Site "Frankfurt"]
[Date "2011.06.14"]
[Round "7"]
[White "Schmitt, Hans Walter"]
[Black "Ostermeier, Thorsten"]
[Result "1-0"]
[WhiteElo "2130"]
[BlackElo "1936"]
[PlyCount "107"]
[EventDate "2011.05.02"]
[EventType "swiss"]
[EventRounds "7"]
[EventCountry "GER"]
[SourceTitle "EXT 2012"]
[Source "ChessBase"]
[SourceDate "2011.11.24"]
[SourceVersion "1"]
[SourceVersionDate "2011.11.24"]
[SourceQuality "1"]

1. d4 d5 2. c4 e6 3. Nc3 Nf6 4. cxd5 exd5 5. Bf4 c6 6. Qc2 Bd6 7. Bg5 Be7 8. e3 Bg4 9. Bd3 Nbd7 10. Nge2 Rc8 11. h3 Bh5 12. Nf4 Bg6 13. Nxg6 hxg6 14. 0-0 Qc7 15. Rac1 Bd6 16. Rfe1 0-0 17. a3 Rfe8 18. b4 b5 19. Qb3 Qb8 20. Re2 Ne4 21. Bxe4 dxe4 22. Rec2 Nb6 23. Ne2 Nc4 24. Bf4 Re6 25. Rd1 Qb7 26. Bxd6 Rxd6 27. Ng3 Re6 28. Nf1 Ra8 29. Nd2 Nb6 30. Rdc1 a5 31. Ra2 Qe7 32. Rca1 Kh7 33. bxa5 Rxa5 34. Qc2 Ra4 35. Qc1 c5 36. dxc5 Rc6 37. Rc2 Nd7 38. Nb3 Ne5 39. Nd4 Rc8 40. c6 Nd3 41. Qb1 b4 42. axb4 Rxb4 43. Qa2 Rb6 44. Qa5 Rb4 45. Qa6 Rbb8 46. Qc4 Qf6 47. Rf1 Rb6 48. c7 Qe7 49. Nb5 Rb7 50. Qc6 Rbxc7 51. Nxc7 Nb4 52. Qc5 Qxc5 53. Rxc5 Nd3 54. Rc3 1-0

[Event "Frankfurt-ch"]
[Site "Frankfurt"]
[Date "2011.05.09"]
[Round "2"]
[White "Bock, Mario"]
[Black "Ostermeier, Thorsten"]
[Result "1/2-1/2"]
[WhiteElo "1551"]
[BlackElo "1936"]
[PlyCount "33"]
[EventDate "2011.05.02"]
[EventType "swiss"]
[EventRounds "7"]
[EventCountry "GER"]
[SourceTitle "EXT 2012"]
[Source "ChessBase"]
[SourceDate "2011.11.24"]
[SourceVersion "1"]
[SourceVersionDate "2011.11.24"]
[SourceQuality "1"]

1. e4 c5 2. Nf3 a6 3. d4 cxd4 4. Nxd4 Nf6 5. Nc3 e5 6. Nf3 Bb4 7. Bd3 d5 8. Nd2 Be6 9. exd5 Bxd5 10. Nxd5 Qxd5 11. 0-0 0-0 12. Qe2 Nc6 13. c3 Bc5 14. Ne4 Nxe4 15. Bxe4 Qe6 16. Bc2 Kh8 17. Be3 1/2-1/2

[Event "Frankfurt-ch"]
[Site "Frankfurt"]
[Date "2009.06.29"]
[Round "7"]
[White "Ebertz, Michael"]
[Black "Ostermeier, Thorsten"]
[Result "0-1"]
[WhiteElo "1587"]
[BlackElo "1971"]
[PlyCount "46"]
[EventDate "2009.04.27"]
[EventType "tourn"]
[EventRounds "7"]
[EventCountry "GER"]
[SourceTitle "EXT 2010"]
[Source "ChessBase"]
[SourceDate "2010.11.25"]
[SourceVersion "1"]
[SourceVersionDate "2010.11.25"]
[SourceQuality "1"]

1. e4 c5 2. Nf3 Nc6 3. d4 cxd4 4. Nxd4 Nf6 5. Nc3 e5 6. Ndb5 d6 7. Bg5 a6 8. Na3 b5 9. Nd5 Be7 10. Bxf6 gxf6 11. c3 f5 12. Bd3 Be6 13. Nc2 0-0 14. Qh5 Bg5 15. h4 Bf6 16. Nce3 f4 17. Ng4 Bg7 18. Nh2 Ne7 19. Nf3 f6 20. g4 Bf7 21. Nxf6+ Bxf6 22. Qh6 Bg7 23. Qg5 h6 0-1

[Event "Frankfurt-ch"]
[Site "Frankfurt"]
[Date "2009.05.04"]
[Round "2"]
[White "Ostermeier, Thorsten"]
[Black "Kaliski, Erwin"]
[Result "0-1"]
[WhiteElo "1971"]
[BlackElo "2231"]
[PlyCount "88"]
[EventDate "2009.04.27"]
[EventType "tourn"]
[EventRounds "7"]
[EventCountry "GER"]
[SourceTitle "EXT 2010"]
[Source "ChessBase"]
[SourceDate "2010.11.25"]
[SourceVersion "1"]
[SourceVersionDate "2010.11.25"]
[SourceQuality "1"]

1. d4 d6 2. Nf3 Nf6 3. c4 g6 4. Nc3 Bg7 5. h3 0-0 6. g4 c5 7. e4 cxd4 8. Nxd4 Nc6 9. Be3 Qa5 10. Bg2 Ne5 11. Qb3 Nd3+ 12. Ke2 Nc5 13. Qc2 Ne6 14. Rhd1 h5 15. f3 Qe5 16. Qd2 hxg4 17. hxg4 Qg3 18. Rg1 Nxg4 19. Bf1 Nf4+ 20. Kd1 Nxe3+ 21. Qxe3 Bxd4 22. Qxd4 Qxf3+ 23. Kc2 Be6 24. Re1 Rfc8 25. b3 a6 26. Nd1 b5 27. Re3 Qh5 28. Reg3 bxc4 29. b4 Qe5 30. Qe3 d5 31. Rf3 Nh5 32. Rg5 Qxe4+ 33. Qxe4 dxe4 34. Re3 Rab8 35. Kc3 Nf6 36. Reg3 Nd5+ 37. Kd4 Nxb4 38. a3 Nc6+ 39. Kxe4 Rb3 40. Rg1 Rd8 41. Ne3 Rd4+ 42. Kf3 Bd5+ 43. Kf2 Rf4+ 44. Ke2 Nd4+ 0-1

[Event "Karl Mala Memorial op 11th"]
[Site "Frankfurt"]
[Date "2008.06.26"]
[Round "1"]
[White "Ostermeier, Thorsten"]
[Black "Gerasimov, Sewa"]
[Result "1-0"]
[WhiteElo "1943"]
[BlackElo "977"]
[PlyCount "59"]
[EventDate "2008.06.26"]
[EventType "swiss"]
[EventRounds "7"]
[EventCountry "GER"]
[SourceTitle "CBM 125 Extra"]
[Source "ChessBase"]
[SourceDate "2008.09.01"]
[SourceVersion "1"]
[SourceVersionDate "2008.09.01"]
[SourceQuality "1"]

1. d4 d5 2. Nf3 Nf6 3. e3 Bg4 4. c4 e6 5. Qb3 Qc8 6. Ne5 Bf5 7. Nc3 Bd6 8. cxd5 exd5 9. Nxd5 Be6 10. Qa4+ Bd7 11. Nxf6+ gxf6 12. Nxd7 Nxd7 13. Bd3 c6 14. Bd2 Nb6 15. Qc2 Qd7 16. Bxh7 0-0-0 17. Bf5 Rhf8 18. Bxd7+ Rxd7 19. Rc1 Rc7 20. Qf5+ Kb8 21. Qxf6 Be7 22. Qf3 c5 23. e4 cxd4 24. Bf4 Bb4+ 25. Kd1 Rfc8 26. Qg3 Bc3 27. bxc3 dxc3 28. Rxc3 Ka8 29. Rxc7 Rxc7 30. Bxc7 1-0

[Event "Frankfurt-ch"]
[Site "Frankfurt"]
[Date "2008.04.28"]
[Round "1"]
[White "Ostermeier, Thorsten"]
[Black "Pfrommer, Christoph"]
[Result "0-1"]
[WhiteElo "1943"]
[BlackElo "2403"]
[PlyCount "80"]
[EventDate "2008.04.28"]
[EventType "swiss"]
[EventRounds "7"]
[EventCountry "GER"]
[SourceTitle "EXT 2009"]
[Source "ChessBase"]
[SourceDate "2008.11.26"]
[SourceVersion "1"]
[SourceVersionDate "2008.11.26"]
[SourceQuality "1"]

1. d4 d5 2. Nf3 Nf6 3. e3 e6 4. Bd3 c5 5. c3 Nc6 6. Nbd2 Bd6 7. Qe2 Qc7 8. dxc5 Bxc5 9. 0-0 0-0 10. e4 h6 11. e5 Ng4 12. Nb3 Bb6 13. Bf4 f6 14. Nbd4 Ngxe5 15. Nxe5 Nxe5 16. Rfe1 Bd7 17. Bxe5 fxe5 18. Qxe5 Qxe5 19. Rxe5 Bc7 20. Re2 e5 21. Nb3 Bb6 22. Rxe5 Rxf2 23. Nd4 Rxb2 24. Re7 Bc6 25. Bg6 Bc5 26. Ree1 Rf8 27. Rf1 Rxf1+ 28. Kxf1 Bxd4 29. cxd4 Rd2 30. Re1 Rxd4 31. Re7 Rf4+ 32. Kg1 Rf6 33. Bh5 d4 34. Be2 Kf8 35. Re5 Rg6 36. g3 Rg5 37. Re6 Bd5 38. Rd6 Ke7 39. h4 Rxg3+ 40. Kf2 Rg2+ 0-1

[Event "Karl Mala Memorial op 09th"]
[Site "Frankfurt"]
[Date "2005.07.29"]
[Round "2"]
[White "Medvedovski, Michael"]
[Black "Ostermeier, Thorsten"]
[Result "0-1"]
[WhiteElo "1283"]
[BlackElo "1744"]
[PlyCount "58"]
[EventDate "2005.07.28"]
[EventType "swiss"]
[EventRounds "7"]
[EventCountry "GER"]
[SourceTitle "EXT 2006"]
[Source "ChessBase"]
[SourceDate "2005.11.24"]
[SourceVersion "1"]
[SourceVersionDate "2005.11.24"]
[SourceQuality "1"]

1. e4 c5 2. Nf3 a6 3. d4 cxd4 4. Nxd4 Nf6 5. Nc3 e5 6. Nf3 Bb4 7. Bd3 d5 8. a3 Bxc3+ 9. bxc3 dxe4 10. Bg5 exd3 11. cxd3 0-0 12. 0-0 Bg4 13. Rb1 b5 14. Re1 Nbd7 15. Re4 Qc7 16. Re3 Rfe8 17. Qb3 e4 18. Nd4 exd3 19. Rxd3 Nc5 20. Qc2 Nxd3 21. Qxd3 Ne4 22. Rc1 Nxg5 23. f3 Be6 24. Qd2 f6 25. h4 Nf7 26. Re1 Bc4 27. Rd1 Rad8 28. Qf2 Ne5 29. Qg3 Qc5 0-1

[Event "Karl Mala Memorial op 09th"]
[Site "Frankfurt"]
[Date "2005.07.29"]
[Round "3"]
[White "Ostermeier, Thorsten"]
[Black "Hoeck, Raimund"]
[Result "0-1"]
[WhiteElo "1744"]
[BlackElo "2051"]
[PlyCount "82"]
[EventDate "2005.07.28"]
[EventType "swiss"]
[EventRounds "7"]
[EventCountry "GER"]
[SourceTitle "EXT 2006"]
[Source "ChessBase"]
[SourceDate "2005.11.24"]
[SourceVersion "1"]
[SourceVersionDate "2005.11.24"]
[SourceQuality "1"]

1. Nf3 d5 2. d4 Nf6 3. e3 g6 4. b3 Bg7 5. Bb2 0-0 6. Be2 c5 7. Nbd2 cxd4 8. exd4 Nc6 9. 0-0 Ne4 10. c3 f5 11. Ne1 e5 12. dxe5 Bxe5 13. Qc2 Be6 14. Ndf3 Bf6 15. Rc1 Rc8 16. Qd1 Qe7 17. Nd3 Rfd8 18. Rc2 Qg7 19. Qc1 g5 20. Nd2 g4 21. Nxe4 fxe4 22. Nc5 Bf5 23. Qf4 Ne7 24. Nxb7 Be5 25. Qc1 Rd7 26. Na5 e3 27. Bb5 Rdc7 28. Re2 a6 29. Qxe3 Ng6 30. Bxa6 Ra8 31. Qb6 Rca7 32. Bb7 Rxa5 33. Bxa8 Rxa8 34. Qc6 Rxa2 35. Qxd5+ Qf7 36. Qd8+ Kg7 37. Qg5 h6 38. Qe3 Qxb3 39. Rb1 Bxb1 40. Bc1 Rxe2 41. Qxh6+ Kf7 0-1